Mental maladies : (Record no. 398)
[ view plain ]
| 000 -LEADER | |
|---|---|
| fixed length control field | 00935nam a2200229 a 4500 |
| 005 - DATE AND TIME OF LATEST TRANSACTION | |
| control field | 20260322212018.0 |
| 008 - FIXED-LENGTH DATA ELEMENTS--GENERAL INFORMATION | |
| fixed length control field | data |
| 010 ## - LIBRARY OF CONGRESS CONTROL NUMBER | |
| LC control number | 65-29190 |
| 096 ## - LOCALLY ASSIGNED NLM-TYPE CALL NUMBER (OCLC) | |
| Classification number | WM 11.5 Esq68m 1965 |
| 001 - CONTROL NUMBER | |
| control field | data |
| 100 1# - MAIN ENTRY--PERSONAL NAME | |
| Personal name | Esquiol, Jean Etienne Dominique, |
| Dates associated with a name | 1772-1840 |
| 245 10 - TITLE STATEMENT | |
| Title | Mental maladies : |
| Remainder of title | a treatise on insanity |
| Statement of responsibility, etc. | Jean Etienne Dominique Esquiol ... [et al.]. |
| 250 ## - EDITION STATEMENT | |
| Edition statement | "Facsimile of the English edition of 1845" |
| 260 ## - PUBLICATION, DISTRIBUTION, ETC. | |
| Place of publication, distribution, etc. | New York |
| Name of publisher, distributor, etc. | Hafner Pub. Co. |
| Date of publication, distribution, etc. | c1965 |
| 300 ## - PHYSICAL DESCRIPTION | |
| Extent | facsim.: |
| Other physical details | 496 p. |
| 500 ## - GENERAL NOTE | |
| General note | Translation of Des maladies mentales, considřěs sous les rapports mďical, hygiňique et mďico-lǧal. |
| 650 02 - SUBJECT ADDED ENTRY--TOPICAL TERM | |
| Topical term or geographic name entry element | Psychiatry |
| General subdivision | history |
| 700 1# - ADDED ENTRY--PERSONAL NAME | |
| Personal name | Hunt, Ebenezer Kingsbury. |
| 700 1# - ADDED ENTRY--PERSONAL NAME | |
| Personal name | Saussure, Raymond de, |
| 710 2# - ADDED ENTRY--CORPORATE NAME | |
| Corporate name or jurisdiction name as entry element | New York Academy of Medicine. |
| 856 40 - ELECTRONIC LOCATION AND ACCESS | |
| Uniform Resource Identifier | <a href="https://openlibrary.org/works/OL10715235W/Mental_maladies?edition=mentalmaladiestr00esquuoft">https://openlibrary.org/works/OL10715235W/Mental_maladies?edition=mentalmaladiestr00esquuoft</a> |
| Link text | Online access from the Open Library. |
| Public note | Requires free sign up. |
| Withdrawn status | Lost status | Damaged status | Not for loan | Home library | Current library | Shelving location | Date acquired | Total checkouts | Full call number | Barcode | Date last seen | Price effective from | Koha item type |
|---|---|---|---|---|---|---|---|---|---|---|---|---|---|
| Franklin | Franklin | General stacks | 22/03/2026 | GEN | BC0010408 | 22/03/2026 | 22/03/2026 | Books |